01506pab a2200181 454500008004000000100002100040245008400061260000900145300001500154362000800169520094200177650001701119773005101136908000601187909001001193999001701203952010401220180718b2010 xxu||||| |||| 00| 0 eng d aAndersen, Kim N. aFads and facts of e-government: A review of impacts of e-government (2003-2009) c2010 ap.564-579. aSep aThis paper analyzes the impacts of e-government as reported in 55 first-hand empirical peer-reviewed journal publications during the period 2003-2009, using a conceptual framework to identify ICT (information and communication technology) impacts on four domains within the public sector: capabilities, interactions, orientations and value distribution. The analysis shows that research findings mostly report positive impacts in all four dimensions. In the empirical research, the majority of impacts from ICT are reported within the domain of capabilities, which is also the domain that features the most balanced mix of positive and negative findings. Findings show that although e-government has elements that make it different from previous use of ICT in public administration, research on e-government is yet to demonstrate a substantial shift in the nature and directions of impacts in comparison to earlier studies. - Reproduced. aE governance aInternational Journal of Public Administration aN a89787 c89787d89787 00104070aIIPAbIIPAd2018-07-19hVolume no: 33, Issue no: 1pAR90247r2018-07-19w2018-07-19yAR